ბათუმის შოთა რუსთაველის სახელმწიფო უნივერსიტეტის ბიბლიოთეკა

თხზულებანი / (ბიბ.ჩანაწერი № 63527)

000 -ლიდერი
ფიქსირებული სიგრძის საკონტროლო ველი 01676nam a22002297a 4500
003 - საკონტროლო ნომრის იდენტიფიკატორი
საკონტროლო ველი Ge_BSU
005 - ბოლო ოპერაციის თარიღი და დრო
საკონტროლო ველი 20251027175143.0
008 - ფიქსირებული სიგრძის მონაცემთა ელემენტები - ზოგადი ინფორმაცია
ფიქსირებული სიგრძის საკონტროლო ველი 251027s1943 ge ||||| |||| 00| 0 geo d
041 ## - ენის კოდი
Language code of text/sound track or separate title geo
080 ## - უნივერსალური ათობითი კლასიფიკაციის ინდექსი
Universal Decimal Classification number 141.82 წ-87
100 ## - მთავარი ჩანაწერი - პიროვნების სახელი
Personal name წულუკიძე, ა.
9 (RLIN) 22487
245 ## - ცნობა სათაურის შესახებ
Title თხზულებანი /
Statement of responsibility, etc ა. წულუკიძე; რედ.: ი. თავაძე და ქუთელია; წინასიტყვ. ავტ.: ი.ბ. სტალინი და ლ. ბერია; საკ. კპ(ბ) ცენტრალურ კომიტეტთან არსებული მარქს-ენგელს-ლენინის ინსტიტუტის თბილისის ფილიალი.
264 ## - წარმოების, გამოცემის, დისტრიბუციის და სხვა ცნობები
გამოცემის, წარმოების, დისტრიბუციის... ადგილი თბილისი :
გამოცემის, წარმოების, დისტრიბუციის... სახელწოდება სახელგამი, პოლიტლიტერატურის სექტორი,
გამოცემის, წარმოების, დისტრიბუციის... თარიღი 1943.
300 ## - ფიზიკური აღწერა
Extent 296 გვ. :
Other physical details 2 ჩართ. ფურც. პორტრ. და ავტოგრაფი ;
Dimensions 22 სმ.
500 ## - ზოგადი შენიშვნა
General note დანართი: შენიშვნები გვ. 289-291.
სახელთა საძიებელი. გვ. 292-293.
653 ## - INDEX TERM--UNCONTROLLED
Uncontrolled term მარქსიზმ-ლენინიზმი
700 ## - ADDED ENTRY--PERSONAL NAME
Personal name თავაძე, ი.
Relator term რედაქტორი
9 (RLIN) 6498
700 ## - ADDED ENTRY--PERSONAL NAME
Personal name ქუთელია, ა.
Relator term რედაქტორი
9 (RLIN) 26113
700 ## - ADDED ENTRY--PERSONAL NAME
Personal name სტალინი, ი.ბ.
Relator term წინასიტყვაობის ავტორი
9 (RLIN) 6130
700 ## - ADDED ENTRY--PERSONAL NAME
Personal name ბერია, ლ.
Relator term წინასიტყვაობის ავტორი
9 (RLIN) 26114
942 ## - ADDED ENTRY ELEMENTS (KOHA)
Source of classification or shelving scheme
Koha item type წიგნი
ეგზემპლარები
ჩამოწერის სტატუსი დაკარგული ეგზემპლარის სტატუსი კლასიფიკაციის წყარო ან თაროზე გაწყობის სქემა დაზიანების სტატუსი არ გაიცემა მუდმივი მდებარეობა (დაცვის ადგილი) ამჟამინდელი ადგილსამყოფელი თაროზე განთავსების ადგილი შეძენის თარიღი ღირებულება, შესყიდვის ნორმალური ფასი სრული შენახვის შიფრი შტრიხკოდი ბოლო ოპერაციის თარიღი ეგზემპლარის მიმდევრობითი ნომერი (კეტერი?) ფასის ძალაში შესვლის თარიღი ეგზემპლარის სახეობა საჯარო შენიშვნა
          ბათუმის შოთა რუსთაველის სახელმწიფო უნივერსიტეტის მთავარი ბიბლიოთეკა ბათუმის შოთა რუსთაველის სახელმწიფო უნივერსიტეტის მთავარი ბიბლიოთეკა წიგნსაცავი 2025-10-27 3.20 141.82 წ-87 72808 2025-10-27 72808 2025-10-27 წიგნი 3 ლ. 20 თ.
          ბათუმის შოთა რუსთაველის სახელმწიფო უნივერსიტეტის მთავარი ბიბლიოთეკა ბათუმის შოთა რუსთაველის სახელმწიფო უნივერსიტეტის მთავარი ბიბლიოთეკა წიგნსაცავი 2025-10-27 3.20 141.82 წ-87 72807 2025-10-27 72807 2025-10-27 წიგნი 3 ლ. 20 თ.